Famous People Born in Central America - Statistics

General Stats
  • This quiz has been taken 35 times
  • The average score is 11 of 25
Answer Stats
Born in Lifespan Hint Person % Correct
Cuba 1926–2016 communist revolutionary, leader of Cuba 1959–2008 Fidel Castro
97%
Barbados 1988– successful pop singer, wealthiest female musician Rihanna
90%
Jamaica 1945–1981 pioneering reggae singer & musician, Rastafari icon Bob Marley
87%
Mexico 1907–1954 female naïve folk art painter known for (self-)portraits Frida Kahlo
87%
Jamaica 1986– fastest sprinter of all time, 8 Olympic gold medals Usain Bolt
87%
Cuba 1931– communist revolutionary, leader of Cuba 2008–21 Raúl Castro
83%
Puerto Rico 1974– American actor (Gladiator, Walk the Line, Joker) Joaquin Phoenix
70%
Panama 1936–2018 American politician (R), 2008 presidential nominee John McCain
57%
Mexico 1966– actress & producer (Desperados, Frida, Eternals) Salma Hayek
57%
Saint Kitts & Nevis 1755–1804 American Founding Father, general & statesman Alexander Hamilton
50%
Cuba 1853–1895 nationalist, writer, & philosopher; Cuban national hero José Marti
47%
Trinidad & Tobago 1982– successful rapper, singer & actress, "Queen of Rap" Nicki Minaj
47%
Nicaragua 1945– socialist leader of Nicaragua 1979–90 & since 2007 Daniel Ortega
43%
Mexico 1879–1919 assassinated leader of the Mexican Revolution Emiliano Zapata
40%
Puerto Rico 1971– successful singer & actor called "King of Latin Pop" Ricky Martin
40%
Cuba 1901–1973 president of Cuba 1940–44, military dictator 1952–59 Fulgencio Batista
37%
Mexico 1915–2001 actor (La Strada, Zorba the Greek), two Oscars Anthony Quinn
20%
Mexico 1966– politician, unpopular president of Mexico 2012–18 Enrique Peña Nieto
20%
Mexico 1914–1998 poet and diplomat, 1990 Nobel Prize in Literature Octavio Paz
17%
Saint Lucia 1930–2017 poet & playwright, 1993 Nobel Prize & other awards Derek Walcott
10%
Trinidad & Tobago 1932–2018 British writer known for his novels, 2001 Nobel Prize V. S. Naipaul
10%
Guatemala 1899–1974 anti-authoritarian novelist & poet,1967 Nobel Prize Miguel ÁngelAsturias
7%
US Virgin Islands 1830–1903 Danish-French (neo/post-)impressionist painter Camille Pissarro
3%
Mexico 1968– female singer-songwriter known for indigenous music Lila Downs
3%
Guadeloupe 1887–1975 French poet & diplomat, 1960 Literature Nobel Prize Saint-John Perse
3%
No matching quizzes found
Score Distribution
Percent of People with Each Score
Percentile by Number Answered
Your Score History
You have not taken this quiz